000 00322nam a22001337a 4500
020 _a978-8178001128
041 _aENG
100 _areddy.M.A
245 _aTextbook Of Remote Sensing Ans Geographical Information Systems
260 _aDelhi
_bBSP
_c2013
300 _a606
650 _aSWCE
856 _uNot To Be Issued
999 _c2553
_d2553